000 00411nam a2200157Ia 4500
008 230718s9999 xx 000 0 und d
041 _aeng
082 _a620.1
_bBAP
100 _aBaphana R.M.
245 _aEngineering Mechanics Statics And Dynamics
260 _c2006
_bTech Max
300 _a941
365 _cRs.
_b405.00
700 _aBaphana R.M. & Passi M.
906 _d1055/04.01.2006
_cALLIED
_b60.75
999 _c311996
_d311996